Riconosci lo Stadio - Europa - Quiz n°5 - Statistics

Statistiche generali
  • Questo quiz è stato fatto 26 volte
  • Il punteggio medio è 4 su 10
Statistiche sulle risposte
con Immagini Risposta % Corretto
Stadio Diego Armando Maradona - Napoli
96%
Camp Nou - Barcellona
83%
Stadio Renzo Barbera - Palermo
74%
Leicester City Stadium - Leicester
48%
Bay Arena - Leverkusen
39%
Stadio di Anoeta - San Sebastian
17%
Olympiastadion - Monaco di Baviera
13%
Stadio Constant Vanden Stock - Anderlecht
4%
Stadio Pierre Mauroy - Lilla
4%
Stadio nazionale di Varsavia - Varsavia
0%
Nessun quiz corrispondente trovato
Distribuzione punteggi
Percentuale di utenti per punteggio
Percentile per numero di risposta
I tuoi punteggi nel tempo
Non hai fatto questo quiz